[Event "British Universities-chT Final A"]
[Site "Manchester"]
[Date "1970.04.14"]
[Round "1"]
[White "Morgan, RW."]
[Black "Steckelmacher, PJ."]
[Result "1-0"]
[WhiteElo "2152"]
[BlackElo "1920"]
[PlyCount "70"]
[EventDate "1970.04.14"]
[EventType "team-swiss"]
[EventRounds "2"]
[EventCountry "ENG"]
[SourceTitle "EXT 2019"]
[Source "ChessBase"]
[SourceDate "2018.10.10"]
[SourceVersion "1"]
[SourceVersionDate "2018.10.10"]
[SourceQuality "1"]
[WhiteTeam "Cambridge"]
[BlackTeam "Liverpool"]
[WhiteTeamCountry "ENG"]
[BlackTeamCountry "ENG"]

1. e4 c6 2. d4 d5 3. exd5 cxd5 4. c4 Nf6 5. Nc3 e6 6. c5 b6 7. b4 a5 8. Bb5+ Bd7 9. Qa4 Qc8 10. Bf4 Nh5 11. Bg5 Qb7 12. Bxd7+ Qxd7 13. Nf3 Be7 14. Bxe7 Kxe7 15. Ne5 b5 16. Nxd7 bxa4 17. Nb6 axb4 18. Ncxd5+ exd5 19. Nxa8 Nc6 20. Nb6 Nxd4 21. Nxd5+ Kd7 22. 0-0 b3 23. Nb6+ Kc6 24. Nxa4 Nc2 25. axb3 Nxa1 26. Rxa1 Nf4 27. Rd1 Nd5 28. g3 Rb8 29. Rd3 Nf6 30. Rd6+ Kc7 31. Nb6 Ne4 32. Rd7+ Kc6 33. Rxf7 Nxc5 34. Nc4 Ne6 35. Re7 Kd5 1-0